The Ultimate Ultimate Harry Potter Name -game - Statistics

General Stats
  • This quiz has been taken 17 times
  • The average score is 152 of 217
Answer Stats
Hint Answer % Correct
Potter (2nd gen) James Sirius
100%
Black Sirius
100%
Dumbledore Aberforth
92%
Dumbledore Albus
92%
Crouch Jr | Crouch Sr Barty
92%
Diggory Cedric
92%
Chang Cho
92%
Dursley Dudley
92%
Delacour Fleur
92%
Weasley Ginny
92%
Potter Harry
92%
Brown Lavender
92%
Dursley Petunia
92%
Black Regulus
92%
Finnigan Seamus
92%
Riddle Jr (2nd gen) | Riddle Sr (1st gen) Thomas/Tom
92%
Dursley Vernon
92%
(Mad-Eye) Moody Alastor
83%
Potter (2nd gen) Albus Severus
83%
Diggory Amos
83%
Johnson Angelina
83%
Weasley Arthur
83%
Bagshot Bathilda
83%
Black | Lestrange Bellatrix
83%
Weasley Bill
83%
Weasley Charlie
83%
Creevey Colin
83%
a free house-elf Dobby
83%
Umbridge Dolores
83%
Malfoy Draco
83%
Greyback Fenrir
83%
Weasley Fred
83%
Weasley George
83%
Gryffindor Godric
83%
Hagrid's half brother (giant) Grawp
83%
Goyle Gregory
83%
Abbott Hannah
83%
Potter's owl Hedwig
83%
Ravenclaw Helena
83%
Hufflepuff Helga
83%
Granger Hermione
83%
Slughorn Horace
83%
Karkaroff Igor
83%
Potter James
83%
Shacklebolt Kingsley
83%
Jordan Lee
83%
Potter Lily
83%
Potter (2nd gen) Lily Luna
83%
Lovegood Luna
83%
Gaunt Marvolo
83%
McGonagall Minerva
83%
Weasley Molly
83%
Dark Lord's pet snake Nagini
83%
Black | Malfoy Narcissa
83%
Gryffindor house ghost Nearly Headless Nick
83%
Longbottom Neville
83%
Flamel Nicolas
83%
Tonks Nymphadora
83%
Wood Oliver
83%
Patil Padma
83%
Patil Parvati
83%
Weasley Percy
83%
Pettigrew Peter
83%
Thicknesse Pius
83%
Lupin Remus
83%
Skeeter Rita
83%
Weasley Ronald
83%
Ravenclaw Rowena
83%
Hagrid Rubeus
83%
Slytherin Salazar
83%
Snape Severus
83%
Bones Susan
83%
Riddle (3rd gen) Tom Marvolo
83%
Crabbe Vincent
83%
Dark Lord Voldemort
83%
Longbottom Alice
75%
Goldstein Anthony
75%
Filch Argus
75%
Longbottom Augusta
75%
Ogden Bob
75%
McLaggen Cormac
75%
Fudge Cornelius
75%
Thomas Dean
75%
Creevey Dennis
75%
Doge Elphias
75%
Macmillan Ernie
75%
Weasley family owl Errol
75%
Hagrid's boarhound Fang
75%
a phoenix of the Dumbledore family Fawkes
75%
Flitwick Filius
75%
a three-headed dog Fluffy
75%
Delacour Gabrielle
75%
Grindelwald Gellert
75%
Lockhart Gilderoy
75%
school with Dumbledore as headmaster Hogwarts
75%
Finch-Fletchley Justin
75%
Bell Katie
75%
Dumbledore Kendra
75%
house-elf of the Black family Kreacher
75%
Malfoy Lucius
75%
Bagman Ludo
75%
Dursley Marge
75%
Cattermole | Riddle (1st gen) Mary
75%
Gaunt Merope
75%
Bulstrode Millicent
75%
Gaunt Morfin
75%
Fletcher Mundungus
75%
Scamander Newt
75%
Hagrid's illegal baby dragon Norbert
75%
Maxime Olympe
75%
Parkinson Pansy
75%
poltergeist at the school Peeves
75%
Clearwater Penelope
75%
Dumbledore Percival
75%
Pomfrey Poppy
75%
Cattermole Reginald
75%
Vane Romilda
75%
Trelawney Sybill
75%
Tonks Ted
75%
Lupin Teddy
75%
Boot Terry
75%
Krum Viktor
75%
Lovegood Xenophilius
75%
Carrow Alecto
67%
Spinnet Alicia
67%
Bones Amelia
67%
Carrow Amycus
67%
Black | Tonks Andromeda
67%
Dolohov Antonin
67%
Hagrid's giant spider Aragog
67%
Dumbledore Ariana
67%
school with Madam Maximeas headmaster Beauxbatons
67%
Jorkins Bertha
67%
Zabini Blaise
67%
Peverell Cadmus
67%
Granger's cat Crookshanks
67%
Bryce | Longbottom Frank
67%
Peverell Ignotus
67%
Hopkirk Mafalda
67%
Edgecombe Marietta
67%
Warren (Moaning --) Myrtle
67%
Black Phineas Nigellus
67%
a tiny owl belonging to one of the Weasleys Pigwidgeon (Pig)
67%
Sprout Pomona
67%
Quirrell Quirinus
67%
Scrimgeour Rufus
67%
a "pet rat" of one of the Weasleys Scabbers
67%
Malfoy (2nd gen) Scorpius
67%
a mad knight occupying a painting Sir Cadogan
67%
de Mimsy-Porpington Sir Nicholas
67%
Shunpike Stan
67%
Slytherin house ghost the Bloody Baron
67%
painting concealing the Gryffindorcommon room the Fat Lady
67%
Ravenclaw house ghost the Grey Lady
67%
Longbottom's pet toad Trevor
67%
house-elf of the Grouch family Winky
67%
Runcorn Albert
58%
Peverell Antioch
58%
Figg Arabella
58%
Sinistra Aurora
58%
Burbage Charity
58%
Diggle Dedalus
58%
Cresswell Dirk
58%
school with Karkaroff as headmaster Durmstrang
58%
Vance Emmeline
58%
Rosier Evan
58%
Centaur Firenze
58%
Ollivander Garrick
58%
Weasley (2nd gen) Hugo
58%
Weasley (2nd gen) Rose
58%
Vector Septima
58%
Hufflepuff house ghost the Fat Friar
58%
Grubbly-Plank Wilhelmina
58%
Smith Zacharias
58%
Greengrass Astoria
50%
Centaur Bane
50%
Hagrid's hippogriff Buckbeak
50%
Binns Cuthbert
50%
Robins Demelza
50%
great-aunt of the Weasley children Great Aunt Muriel
50%
goblin that helps Potter steal fromLestrange's vault Griphook
50%
house-elf of the Smith family Hokey
50%
Pince Irma
50%
proprietor of the Three Broomsticks Madam Rosmerta
50%
Hooch Rolanda
50%
Podmore Sturgis
50%
Nott Theodore
50%
Rowle Thorfinn
50%
Rookwood Augustus
42%
Greengrass Daphne
42%
Riddle (4th gen) Delphi
42%
Macnair Walden
42%
Hagrid's hippogriff's false name Witherwings
42%
Yaxley Corban
33%
Midgen Eloise
33%
goblin on the run from Death Eaters Gornuk
33%
Dawlish John
33%
Clothing shop owner Madam Malkin
33%
Centaur Magorian
33%
Gregorovitch Mykew
33%
Centaur Ronan
33%
Twycross Wilkie
33%
author of The Tale of theThree Brothers Beedle the Bard
25%
Head goblin at Wizarding bank Bogrod
25%
Marchbanks Griselda
25%
snatcher who captures Potter and his friends Scabior
25%
Kettleburn Silvanus
25%
Montague Graham
17%
Smith Heptzibah
8%
Death Eater who escapes from Azkaban, murdered the McKinnon family Travers
0%
No matching quizzes found
Score Distribution
Percent of People with Each Score
Percentile by Number Answered
Your Score History
You have not taken this quiz